| 000 | 00617cam a2200181 i 4500 | ||
|---|---|---|---|
| 005 | 20251108175053.0 | ||
| 008 | 250721s2011 jo gr 000 0 ara d | ||
| 020 | _a9879957222697 | ||
| 082 | 1 | 4 |
_a070 _bص ق ر |
| 100 | 1 | _aالصقر، إياد محمد | |
| 245 | 1 | 0 |
_aتصميم الصحافة المطبوعة و إخراجها / _cتأليف إياد محمد الصقر. |
| 264 | 1 |
_aعمان : _bدار أسامة للنشر و التوزيع، _c2011. |
|
| 300 | _a224 صفحة. | ||
| 650 | 1 | 7 | _aالاعلام العام. |
| 650 | 1 | 7 | _aالرعاية. |
| 942 |
_2ddc _cBK |
||
| 999 |
_c125441 _d125441 |
||